Applying to colleges and universities in the United States: a handbook for international students 11th
Tallennettuna:
| Aineistotyyppi: | Kirja |
|---|---|
| Kieli: | englanti |
| Julkaistu: |
New Brunswick
Peterson
2000
|
| Painos: | 1a. ed |
| Aiheet: | |
| Tagit: |
Lisää tagi
Ei tageja, Lisää ensimmäinen tagi!
|
MARC
| LEADER | 00000nam a2200000 a 4500 | ||
|---|---|---|---|
| 001 | UCJ1427 | ||
| 003 | CL-VaPUC | ||
| 008 | 061020e20000000US |||||||||||||||||eng|d | ||
| 020 | |a 0768905745 | ||
| 082 | 0 | 4 | |a 378.73 |b APP |2 21 |
| 245 | 1 | 0 | |a Applying to colleges and universities in the United States: a handbook for international students 11th |
| 250 | |a 1a. ed | ||
| 300 | |a 734 p | ||
| 942 | |c BK | ||
| 945 | |d 20061020 00:00:00 |a cmena | ||
| 260 | |a New Brunswick |b Peterson |c 2000 | ||
| 650 | 0 | |a Educación superior |9 223851 | |
| 650 | 0 | |a Universidades |9 256317 | |
| 650 | 7 | |a ESTUDIANTES EXTRANJEROS |2 CL-VaPUC |9 313952 | |
| 650 | 7 | |a SISTEMA EDUCACIONAL |2 CL-VaPUC |9 339433 | |
| 583 | |a last modification |c 20061020 00:00:00 |k Rodrigo Vera | ||
| 999 | |c 318014 |d 318012 | ||
| 952 | |0 0 |1 0 |4 0 |6 378_730000000000000_APP_2000 |7 0 |8 F |9 395218 |a BIBGIM |b BIBGIM |d 2019-11-22 |i 4287827 |o 378.73 APP 2000 |p 4287827 |r 2025-01-15 |w 2019-11-22 |y BK_F |k GIM | ||